Matlab : (رقم التسجيلة. 35109)

تفاصيل مارك
000 -الفاتح
حقل البيانات ثابتة الطول 00678nam a22002177a 4500
003 - محدد رقم الضبط
رقم الضبط OSt
005 - وقت وتاريخ اخر تعامل مع التسجيلة
رقم الضبط 20150408114218.0
008 - عناصر البيانات ثابتة الطول - معلومات عامة
حقل البيانات ثابتة الطول 140515s2013 maua f 001 0 eng d
020 ## - الرقم الدولى المعيارى للكتب
الرقم الدولى المعيارى للكتاب 9780124058767
040 ## - مصدر الفهرسة
وكالة الفهرسة الأصلية Ma-Un
082 04 - رقم تصنيف ديوى العشرى
رقم الطبعة 22
رقم التصنيف 518.028553
رقم المادة ASM
100 1# - المدخل الرئيسى - إسم شخصى
الإسم الشخصى Attaway, Stormy
9 (RLIN) 45207
245 10 - بيان العنوان
العنوان Matlab :
بقية العنوان A practical introduction to programming and problem solving /
بيان المسئوليه,etc Stormy Attaway.
250 ## - بيان الطبعة
بيان الطبعة 3rd ed.
260 ## - PUBLICATION, DISTRIBUTION, ETC. (IMPRINT)
مكان الناشر او الموزع Waltham, MA :
اسم الناشر او الموزع Butterworth-Heinemann Ltd,
تاريخ النشر أو التوزيع 2013.
300 ## - الوصف المادى
التعداد xxii, 538 p. :
تفاصيل ماديه اخرى للوعاء ill. ;
أبعاد الوعاء 24 cm.
500 ## - تبصرة عامة
تبصرة عامة Includes index.
650 ## - المدخل الاضافى بالموضوع-مصطلح موضوعى
مصطلح موضوعي أو اسم جغرافي كعنصر مدخل Numerical analysis
التقسيم الفرعي العام Computer programs
9 (RLIN) 45208
650 ## - المدخل الاضافى بالموضوع-مصطلح موضوعى
مصطلح موضوعي أو اسم جغرافي كعنصر مدخل Computer programming
942 ## - عناصر المدخل الإضافي( كوها)
مصدر التصنيف او مخطط الترفيف Dewey Decimal Classification
Koha [default] item type كتاب
المقتنيات
حالة الفقد نموذج السعر الفعال حالة تلف ليس للاعارة رقم الطلب رقم النسخة تاريخ الاكتساب مصدر التزويد الموقع الحالي الباركود الفرع الرئيسي Date last seen نوع المادة فى نظام كوها مصدر التصنيف او خطة الترفيف Total Checkouts Date last checked out
  2014-05-15   Not For Loan 518.028553 ASM 1 2014-05-15 دار العرب المكتبة المركزية بالمجمعة (CL) 00211433 المكتبة المركزية بالمجمعة (CL) 2022-06-08 كتاب Dewey Decimal Classification 1 2019-02-20
  2014-05-15     518.028553 ASM 2 2014-05-15 دار العرب مكتبة كلية التربية بالزلفى - طالبات (EZF) 00211434 مكتبة مجمع الكليات بالزلفى - طلاب (SZM) 2018-02-22 كتاب Dewey Decimal Classification 2 2018-02-14
  2014-05-15   Not For Loan 518.028553 ASM 1 2014-05-15 دار العرب مكتبة مجمع الكليات بالزلفى - طلاب (SZM) 00211435 مكتبة مجمع الكليات بالزلفى - طلاب (SZM) 2016-02-04 كتاب Dewey Decimal Classification